Un observatoire des pratiques en médecine générale : l'expérience menée en région Provence-Alpes-Côte-d'Azur (notice n° 1647465)

détails MARC
000 -LEADER
fixed length control field 02904cam a2200241 4500500
005 - DATE AND TIME OF LATEST TRANSACTION
control field 20260208003243.0
041 ## - LANGUAGE CODE
Language code of text/sound track or separate title fre
042 ## - AUTHENTICATION CODE
Authentication code dc
100 10 - MAIN ENTRY--PERSONAL NAME
Personal name Ventelou, Bruno
Relator term author
245 00 - TITLE STATEMENT
Title Un observatoire des pratiques en médecine générale : l'expérience menée en région Provence-Alpes-Côte-d'Azur
260 ## - PUBLICATION, DISTRIBUTION, ETC.
Date of publication, distribution, etc. 2005.<br/>
500 ## - GENERAL NOTE
General note 75
520 ## - SUMMARY, ETC.
Summary, etc. RésuméCet article propose un premier bilan des résultats de l’expérience menée en région PACA depuis 2002 de constitution d’un « observatoire des pratiques » des médecins libéraux : le panel MG PACA de 600 médecins généralistes. Les questions traitées sont diverses :méthodologiques : représentativité et attrition statistiques caractérisant le suivi longitudinal d’une population ;socio-économiques : revenus et conditions de travail des médecins ;médicales : modalités de prise en charge de certaines pathologies.Une « analyse des correspondances multiples » fait apparaître des profils de pratiques des médecins relativement marqués, particulièrement en ce qui concerne l’activité, les habitudes de prescription et l’accès à l’information médicale. Enfin, l’ambition d’un tel panel serait de constituer un dispositif pérenne d’appréhension de la profession de médecin généraliste, puis de devenir un véritable outil d’aide à la décision de politique sanitaire : en quoi consiste aujourd’hui le métier de médecin généraliste ; peut-on le faire évoluer et comment ?
520 ## - SUMMARY, ETC.
Summary, etc. This article offers a first survey of the results of the experiment conducted in the Provence-Alpes-Côte d’Azur (PACA) region to establish an “observatory of the practices” of general practitioners based on a 600 strong panel. A range of questions are covered:methodological: representativeness and statistical decay relating to longitudinal population coverage,socio-economic: doctors’ incomes and work conditions,medical: treatment options for certain pathologies.Multiple correspondence analysis shows fairly well defined profiles of medical practice, especially with respect to activity, prescription habits and access to medical information. Finally, the ambition of such a panel is to set up a permanent means to study the general practice profession, and subsequently to become a genuine decision aid for health policy: what is general practice today, and whether and why to lead it to evolve.
700 10 - ADDED ENTRY--PERSONAL NAME
Personal name Paraponaris, Alain
Relator term author
700 10 - ADDED ENTRY--PERSONAL NAME
Personal name Sebbah, Rémy
Relator term author
700 10 - ADDED ENTRY--PERSONAL NAME
Personal name Aulagnier, Marielle
Relator term author
700 10 - ADDED ENTRY--PERSONAL NAME
Personal name Protopopescu, Camelia
Relator term author
700 10 - ADDED ENTRY--PERSONAL NAME
Personal name Gourheux, Jean-Claude
Relator term author
700 10 - ADDED ENTRY--PERSONAL NAME
Personal name Verger, Pierre
Relator term author
786 0# - DATA SOURCE ENTRY
Note Revue française des affaires sociales | - | 1 | 2005-03-01 | p. 127-160 | 0035-2985
856 41 - ELECTRONIC LOCATION AND ACCESS
Uniform Resource Identifier <a href="https://shs.cairn.info/revue-francaise-des-affaires-sociales-2005-1-page-127?lang=fr&redirect-ssocas=7080">https://shs.cairn.info/revue-francaise-des-affaires-sociales-2005-1-page-127?lang=fr&redirect-ssocas=7080</a>

Pas d'exemplaire disponible.

PLUDOC

PLUDOC est la plateforme unique et centralisée de gestion des bibliothèques physiques et numériques de Guinée administré par le CEDUST. Elle est la plus grande base de données de ressources documentaires pour les Étudiants, Enseignants chercheurs et Chercheurs de Guinée.

Adresse

627 919 101/664 919 101

25 boulevard du commerce
Kaloum, Conakry, Guinée

Réseaux sociaux

Powered by Netsen Group @ 2025